Celebrity Selfies Quiz Stats

 Plays Quiz Updated Jun 28, 2018

Challenge
Share
Tweet
Score 0/24 Timer 07:00
4 Plays Today
% Correct
Hillary Clinton and Meryl Streep
95.6%
Tom Hanks and Steve Martin
95.3%
Katy Perry
93.4%
Miley Cyrus
93.3%
Taylor Swift
91.5%
Justin Bieber
90.8%
Sasha and Malia Obama
86%
Beyoncé
86%
Lady Gaga
84.9%
Angelina Jolie
84.7%
Nicki Minaj
82.3%
Anne Hathaway and Rebel Wilson
80.4%
% Correct
Joseph Gordon-Levitt and Daniel Radcliffe
76.7%
James Franco
71%
Pope Francis
68.5%
Nicole 'Snooki' Polizzi
66.8%
Bradley Cooper and Gerard Butler
66.7%
Niall Horan and Paul Rudd
63.8%
Lenny Kravitz
61.9%
Zooey Deschanel and Lena Dunham
58.8%
Amy Poehler and Dominique Fishback
53.1%
Jesse Tyler Ferguson and Cat Deeley
36.6%
David Cameron and Jack Ma
35.7%
Amanda Bynes
32.8%

You're not logged in!

Compare scores with friends on all Sporcle quizzes.
Join for Free
OR
Log In

You Might Also Like...

Show Comments

Extras

Top Quizzes Today


Score Distribution

Your Account Isn't Verified!

In order to create a playlist on Sporcle, you need to verify the email address you used during registration. Go to your Sporcle Settings to finish the process.

Report this User

Report this user for behavior that violates our Community Guidelines.

Details: